00798nam a2200241 a 450000100060000000300080000600500170001400800410003103500190007204000320009104100080012308200220013110000410015324500540019426000540024830000500030250000650035250000200041750400320043765100470046983000080051683000320052424412BD-RjUL20211209001040.0140313r19571952enkbj 001 0ceng d a(BD-RjUL)24478 aIULcIULdZCLdBD-RjULbeng aeng a942.05bMAE 19661 aMackie, J. D.q(John Duncan),d1887-14aThe earlier Tudors, 1485-1558 /cby J. D. Mackie. aOxford :bClarendon Press,c1957 [Reprinted 1966] axxi, 699 p. :bmaps, geneal. tables ;c23 cm. a"First published 1952. Reprinted with corrections ... 1957." aIncludes index. aBibliography: p. [609]-644. 0aGreat BritainxHistoryyTudors, 1485-1603. 0vv.7 0aOxford history of England ;